Marques de Rhum - Mort Subite - Statistiques

Statistiques générales
  • Ce quiz a été pris 164 fois
  • Le résultat moyen est 6 sur 30
Answers on the Grid
Answers color-coded by a green-red scale on the quiz's grid according to % correct below.
Arcane
Abelforth
Angostura
Bumbu
Barcelo
Bundaberg
Damoiseau
Clément
Chic Choc
Captain Morgan
Diplomatico
Trois Rivières
Don Papa
El Muco
Flamboyant
Havana
Hurricane
Illicit
Jules Verne
Lazy Dodo
Malibu
Mezan
Ogasawara
Pink Pigeon
Quang Nam
XM
Wagemut
Rump@blic
1914
Saint James
1915
Ballantines
Rhumantic
Rhumatisme
16 Saints
Uranus
Serumphy
Underberg
Braz'Îles
Pelforth
Don Julio
8 Mesas
Solán de Cabras
Domaine de Sarcelles
Belvedere
Beefeater
Rhum Inferieur
Buenos Aires
 
Statistiques - réponses
Réponse % Correct
Havana
63%
Trois Rivières
60%
Captain Morgan
54%
Don Papa
54%
Saint James
53%
Diplomatico
48%
Clément
46%
Damoiseau
46%
Bumbu
18%
Malibu
18%
Angostura
14%
Arcane
10%
Hurricane
10%
Barcelo
9%
XM
9%
Flamboyant
7%
Jules Verne
7%
Lazy Dodo
7%
Rump@blic
7%
1914
5%
Mezan
5%
Quang Nam
5%
Chic Choc
4%
Abelforth
3%
Bundaberg
3%
Illicit
2%
Pink Pigeon
2%
El Muco
1%
Ogasawara
1%
Wagemut
1%
Aucun quiz correspondant
Distribution des résultats
% des personnes avec chaque résultat
Percentile par nombre de réponses
Votre historique - résultats
Vous n’avez pas pris ce quiz